00390pab a2200121 454500008004000000100002000040245013800060260000900198300001300207362000800220650001100228773002900239180718b2010 xxu||||| |||| 00| 0 eng d aBerkel, Rik Van aThe provision of income protection and activation services for the unemployed in `active' welfare states, an international comparison c2010 ap.17-34. aJan aIncome aJournal of Social Policy